000 00400nam a2200121Ia 4500
008 220216s9999 xx 000 0 und d
100 _aSasikumar Meera B
245 0 _aMechanical behaviour of nanoclay-NBR composites
260 _bProceedings of the Asia Rub Tech Expo, 23-25 November 2006, Indian Rubber Institute, Kochi. pp.64.
650 _aNBR composites
700 _aBhagawan S S
942 _cJS
999 _c62710
_d62710